El Terremoto de México del 19 de septiembre de 1985 / (Record no. 128948)

MARC details
000 -CABECERA
campo de control de longitud fija 00636nam a2200181 a 4500
005 - FECHA Y HORA DE LA ÚLTIMA TRANSACCIÓN
campo de control 20210219160020.0
008 - ELEMENTOS DE LONGITUD FIJA--INFORMACIÓN GENERAL
campo de control de longitud fija 080612s1986 mx r 000 0 spa d
035 ## - NÚMERO DE CONTROL DEL SISTEMA
Número de control de sistema UPN01000156834
049 ## - COLECCIÓN
Colección UNE
080 ## - NÚMERO DE CLASIFICACIÓN DECIMAL UNIVERSAL
Número de la Clasificación Decimal Universal 624.131. 55(72) TER.
245 03 - MENCIÓN DE TÍTULO
Título El Terremoto de México del 19 de septiembre de 1985 /
Mención de responsabilidad, etc. Raúl Ríos J....(et al).
260 ## - PUBLICACIÓN, DISTRIBUCIÓN, ETC.
Lugar de publicación, distribución, etc. Lima, Perú :
Nombre del editor, distribuidor, etc. Centro Regional de Sismología paraAmérica del Sur (CERESIS).,
Fecha de publicación, distribución, etc. 1986.
300 ## - DESCRIPCIÓN FÍSICA
Extensión 26 [50] p. :
Otras características físicas map., retrs., fot.
690 ## - PUNTO DE ACCESO ADICIONAL DE MATERIA LOCAL--TÉRMINO DE MATERIA (OCLC, RLIN)
Término de materia o nombre geográfico como elemento inicial México -
Subdivisión general Sismos -
Subdivisión de forma Informe
690 ## - PUNTO DE ACCESO ADICIONAL DE MATERIA LOCAL--TÉRMINO DE MATERIA (OCLC, RLIN)
Término de materia o nombre geográfico como elemento inicial Sismos -
Subdivisión geográfica México -
Subdivisión de forma Informe
690 ## - PUNTO DE ACCESO ADICIONAL DE MATERIA LOCAL--TÉRMINO DE MATERIA (OCLC, RLIN)
Término de materia o nombre geográfico como elemento inicial Desastres naturales -
Subdivisión de forma Informe
905 ## - TIPO DE MATERIAL
Tipo de material UNESCO

No items available.